Plan maestro de investigación educativa : 1982-1984 /

Wedi'i Gadw mewn:
Manylion Llyfryddiaeth
Awdur Corfforaethol: México. Consejo Nacional de Ciencia y Tecnología
Fformat: Llyfr
Iaith:Sbaeneg
Pynciau:
Tagiau: Ychwanegu Tag
Dim Tagiau, Byddwch y cyntaf i dagio'r cofnod hwn!

MARC

LEADER 00000nam^a2200000^a^4500
001 000267137
005 20250620000000.0
009 20260310110814.448
025 |a Donación Alberto Minakata Arceo, 1 ejemplar 
037 |a Acervo ITESO - Biblioteca 
041 |a ESP 
082 |a 370. 780972  |b MEX 
110 |a México.  |b Consejo Nacional de Ciencia y Tecnología 
245 1 0 |a Plan maestro de investigación educativa :  |b 1982-1984 /  |c CONACYT. 
264 |a México :  |b CONACYT,  |c 1981 
300 |a 1 v. (varias paginaciones) 
336 |a texto  |b txt  |2 rdacontenido 
337 |a sin mediación  |b n  |2 rdamedio 
338 |a volumen  |b nc  |2 rdasoporte 
649 |a XX 
650 |a Investigación Educativa -  |z México -  |x Tema Principal 
650 |a Evaluación Educativa -  |z México 
650 |a Calidad de la Educación -  |z México 
650 |a Política Educativa -  |z México 
650 |a Educación -  |z México 
910 |a Fondo General 
920 |a Impresos - Libros 
930 |a Colección General 
905 |a 101 
901 |a 0500150735  |b IT1  |c ACC  |d DT  |i D  |u 20250620 
902 |a https://opac.biblio.iteso.mx/vufind/Record/000267137